Départements Limitrophes de La Saône-et-Loire - Statistiques

Statistiques générales
  • Ce quiz a été pris 62 fois
  • Le résultat moyen est 7 sur 7
Statistiques - réponses
Départements % Correct
Ain
100%
Côte-d'Or
96%
Jura
96%
Nièvre
96%
Allier
95%
Loire
93%
Rhône
93%
Aucun quiz correspondant
Distribution des résultats
% des personnes avec chaque résultat
Percentile par nombre de réponses
Votre historique - résultats
Vous n’avez pas pris ce quiz